• 首页
  • 本馆介绍
  • 公告通知
  • 最新文献
  • 馆藏检索
  • 电子资源
  • 读者导购
  • 参考咨询
  • 我的图书馆
  • 登录
  • 详细信息显示
  • 放入我的书架
  • 预约/预借图书
  • 作者相关作品
  • 分类相关作品
  • 丛书相关作品
  • 出版社相关作品

书目信息

  • 表格格式
  • 工作单格式
  • 卡片格式
题名:
互联网+营销18法
    
 
作者: 严行方 著
分册:  
出版信息: 北京   中国纺织出版社  2017.04
页数: 233页
开本: 24cm
丛书名:
单 册:
中图分类: F713.365.2
科图分类:
主题词: 网络营销
电子资源:
ISBN: 978-7-5180-3317-1
000 00967nam0 2200229 450
001 17
005 20180920162605.86
010    @a978-7-5180-3317-1@dCNY38.00
100    @a20170619d2017 em y0chiy50 ea
101 0  @achi
102    @aCN@b110000
105    @ay z 000yy
200 1  @a互联网+营销18法@9hu lian wang + ying xiao 18 fa@f严行方著
210    @a北京@c中国纺织出版社@d2017.04
215    @a233页@d24cm
314    @a严行方,男,著名财经作家。相关著作有《互联网+创业必读》、《互联网+融资必读》等。
330    @a本书内容涵盖搜索引擎营销、即时通讯营销、病毒传播营销、网络论坛营销、博客微博营销、聊天群组营销、知识平台营销、网络事件营销、网络口碑营销、网络直复营销、网络视频营销、网络图片营销、网络软文营销、网络杂志营销、网络社区营销、网络社区营销、自建网站营销、商业网站营销、跨境电商营销等18法。
606 0  @a网络营销
690    @aF713.365.2@v5
701  0 @a严行方@9yan xing fang@4著
801  0 @aCN@b91MARC@c20170619
905    @aMuseLib@dF713.365.2@e1035
    
    互联网+营销18法/严行方著.-北京:中国纺织出版社,2017.04
    233页;24cm
    
    
    ISBN 978-7-5180-3317-1:CNY38.00
    本书内容涵盖搜索引擎营销、即时通讯营销、病毒传播营销、网络论坛营销、博客微博营销、聊天群组营销、知识平台营销、网络事件营销、网络口碑营销、网络直复营销、网络视频营销、网络图片营销、网络软文营销、网络杂志营销、网络社区营销、网络社区营销、自建网站营销、商业网站营销、跨境电商营销等18法。
●
相关链接 在E读中查询图书 在五车中查询图书 在当当中查询图书 在豆瓣中查询图书


正题名:互联网+营销18法     索取号:F713.365.2/1035         预约/预借

序号 登录号 条形码 馆藏地/架位号 状态 备注
1 1117824   211178241   第一样本阅览室/ [索取号:F713.365.2/1035] 在馆    
2 1117825   211178250   第一借阅区/ [索取号:F713.365.2/1035] 在馆    
3 1117826   211178269   第一借阅区/ [索取号:F713.365.2/1035] 在馆    
4 1117827   211178278   第一借阅区/ [索取号:F713.365.2/1035] 在馆    
5 1117828   211178287   第一借阅区/ [索取号:F713.365.2/1035] 在馆    
唐山师范学院图书馆 欢迎您!
大连网信软件有限公司© 版权所有